MARC

LEADER 00000nab a2200000 a 4500
001 vtls000144485
003 SK-MaSNL
005 20260305001926.0
008 240424c1983 xo 0 slo
015 |a SNBRB19rr/mm-uuuuu 
035 |a CL0154592 
040 |a SNKBUCL  |b slo  |c SNKBUCL  |e AACR2 
041 0 |a slo 
044 |a xo  |c SK 
080 |a 885.4-1(087.5)  |2 1981 
100 1 |a Hevier, Daniel,  |d 1955-  |4 aut  |9 103400 
245 1 0 |a Svet v očiach  |c Daniel Hevier 
655 7 |a slovenská poézia  |2 snkbucl  |9 70444 
655 7 |a lyrická poézia  |2 snkbucl  |9 70613 
655 7 |a články z novín a časopisov  |2 snkbucl  |9 267496 
655 7 |a články z odboru literárna veda a krásna literatúra  |2 snkbucl  |9 770045 
773 0 |t Slniečko  |g Roč. 15, č. 6 (1983), s. 19 
850 |a Slovenská národná knižnica 
852 |a Slovenská národná knižnica 
958 |a RK 
958 |a LX 
992 |a RBX 
999 |c 3222496  |d 3224426